00291nam a2200121Ia 4500008004100000041000900041082001800050100003000068245001800098260003700116300000800153650000800161230718s9999 xx 000 0 und d aEng. a340.03bCHI-L aChinty, Ghulan & Mestufer 0aLaw Dictionay aPakistanbAl need low bookc2013 a628 aLaw